Регионална библиотека "Любен Каравелов" - Русе

Нощи; Горчиво вино (Запис номер 184831)

MARC детайли
000 -Лидер
Контролно поле с фиксирана дължина 01086nam a2200301 c 4500
003 - Код на организацията, давaща контролен номер
Контролно поле BLK
005 - Дата и час на последна редакция
Контролно поле 20180422115356.0
008 - Елементи от данни с фиксирана дължина
fixed length control field 180411b bul|||||r ||||||| ||bul||
010 ## - Наследен системен номер
LC control number KNG00193808000
040 ## - Източник на каталожния запис
Идентификатор на билиотеката - собственик на записа BLK
041 ## - Код за език
Код за езика на текст/звукозапис или на отделно заглавие Български
Код за езика КДБФ Български
080 ## - УДК
Текстов определител УДК Българска литература
УДК код - определител по УДК 821.163.2
УДК определител -1
УДК - код + определител 821.163.2-1
100 1# - Редна дума - Автор
Автор Евтимов, Евтим Михалушев
Авторска отговорност първи автор
R(LIN) 365147
139 ## - Редно поле
Редна дума Евтимов, Евтим Михалушев
Авторски знак Евт - Е 22
245 10 - Сведения за заглавието
Заглавие Нощи; Горчиво вино
Подзаглавни данни Любовна лирика
Редно поле (дума) Евтим Михалушев Евтимов; худож. Елена Пъдарева.
250 ## - Област на изданието
Сведения за изданието Ново изд.
257 ## - Страна на издаване
Страна на създаване/издаване България
260 ## - Област на издателските данни
-- София
Име на издателя, разпространителя и проч. Нар. младеж
Година на издаване 1982
300 ## - Физическа характеристика
Страници 248 с.
Илюстрации и др. с ил., портр.
Размери/Мащаб 22 см
380 ## - Жанр
Жанр Худож. лит.
500 ## - Общи забележки
Забележка 20 100 тир.
700 1# - Други автори (авторска отговорност)
Лично име Пъдарева, Елена
Автороска отговорност (Описва отношението между автора и произведението) худож.
9 (RLIN) 366096
852 ## - Местоположение
Форматна сигнатура Цб 114351
856 4# - Електронен адрес и достъп
Електронен формат pdf - файл
Път до файла /url/
856 4# - Електронен адрес и достъп
Електронен формат pdf - файл
Път до файла /url/
942 ## - АРТИКУЛИ
Вид на библиотечния материал Книги
Скрит в OPAC Не
944 ## - СЪЗДАВАНЕ И РЕДАКЦИЯ на ЗАПИСА
Създаване/Редакция Създаване
Дата на регистрацията/редакция 19.10.2016
Служител, извършил регистрацията/редакцията Нора_Радева
944 ## - СЪЗДАВАНЕ И РЕДАКЦИЯ на ЗАПИСА
Създаване/Редакция Редакция
Дата на регистрацията/редакция 19.10.2016
Служител, извършил регистрацията/редакцията Нора_Радева
999 ## - СИСТЕМНИ КОНТРОЛНИ НОМЕРА
Koha biblionumber 184831
Koha biblioitemnumber 184831
Наличности
Код за отписване Код за изгубен артикул Източник на класификационната схема Код за повреда Коз за рестрикции Код за отдаване Артикулен № Име на библиотеката - собственик Име на библиотеката, в която се намира в момента Статус (Текущо местоположение) Дата на вписване в системата Местоположение - отдел Цена в лева Инвентарен номер Систематично азбучна сигнатура Баркод Номер на екземпляра Цена в евро Служебна бележка Служебен тип на артикула
  Не е изгубен Universal Decimal Classification Не е повреден без рестрикции ползва се в читалня 319799 Регионална библиотека "Любен Каравелов" Русе Регионална библиотека "Любен Каравелов" Русе Хранилище 1982-01-01 Хранилище 1.78 350886 Цб 114351 120000350886 1 0.91 Вид: Сф N: стар фонд Дата: 01.01.1982 Книги
Изтеглен Не е изгубен Universal Decimal Classification Не е повреден без рестрикции заемане за дома 319800 Регионална библиотека "Любен Каравелов" Русе Регионална библиотека "Любен Каравелов" Русе Заемна - подръчен фонд 1982-01-01 Заемна - подръчен фонд 1.78 351734 П 886.7-1/Е 22 351734 2 0.91 Вид: Сф Дата: 01.01.1982 Книги
Vip Innovations Ltd, Rousse, Bulgaria 2025